La escuela, relato de un proceso de construcción inconcluso
Uloženo v:
| Hlavní autoři: | , |
|---|---|
| Médium: | Kniha |
| Jazyk: | španělština |
| Vydáno: |
Ciudad de México
Instituto Politécnico Nacional
1995
|
| Edice: | Documentos DIE, 1
|
| Témata: | |
| Tagy: |
Přidat tag
Žádné tagy, Buďte první, kdo vytvoří štítek k tomuto záznamu!
|
MARC
| LEADER | 00000nam a2200000 a 4500 | ||
|---|---|---|---|
| 001 | UCQ2670 | ||
| 003 | CL-VaPUC | ||
| 008 | 980724e19950000MX |||||||||||||||||spa|d | ||
| 082 | 0 | 4 | |a 370.12 |b ROC |2 21 |
| 100 | 0 | |a Rockwell, Elsie |e author |9 416707 | |
| 700 | 0 | |a Ezpeleta, Justa |e author |9 416708 | |
| 245 | 1 | 3 | |a La escuela, relato de un proceso de construcción inconcluso |
| 300 | |a 21 p | ||
| 942 | |c BK | ||
| 945 | |d 19980724 00:00:00 |a mvenant | ||
| 260 | |a Ciudad de México |b Instituto Politécnico Nacional |c 1995 | ||
| 650 | 0 | |a Escuelas |9 308582 | |
| 650 | 0 | |a Filosofía de la educación |9 258384 | |
| 583 | |a last modification |c 19980724 00:00:00 |k Rodrigo Vera | ||
| 490 | 0 | |a Documentos DIE, 1 | |
| 999 | |c 273455 |d 273453 | ||
| 952 | |0 0 |1 0 |4 0 |6 370_120000000000000_ROC_1995 |7 0 |8 A |9 309026 |a BIBEDU |b BIBEDU |d 2019-11-20 |i 3445461 |o 370.12 ROC 1995 |p 3445461 |r 2019-11-20 |w 2019-11-20 |y BK |k EPE | ||